| Tag |
First Indicator |
Second Indicator |
Subfields |
| LEADER |
00000pam a2200000 a 4500 |
| 001 |
in00000577136 |
| 005 |
20151014060236.0 |
| 008 |
830803s1984 nyua j 00010 eng |
| 010 |
|
|
|a 83012955
|
| 020 |
|
|
|a 0823405028
|
| 035 |
|
|
|a (OCoLC)09830621
|
| 035 |
|
|
|9 ACM7077AM
|
| 039 |
0 |
|
|a 2
|b 3
|c 3
|d 3
|e 3
|
| 040 |
|
|
|a DLC
|c DLC
|d TXA
|d UtOrBLW
|
| 049 |
|
|
|a [Curr Col] TXAM
|c [A08462148]
|
| 050 |
0 |
0 |
|a PS3562.I945
|b S5 1984
|
| 082 |
0 |
|
|a 811/.54
|2 19
|
| 100 |
1 |
|
|a Livingston, Myra Cohn.
|
| 245 |
1 |
0 |
|a Sky songs /
|c Myra Cohn Livingston, poet ; Leonard Everett Fisher, painter.
|
| 250 |
|
|
|a 1st ed.
|
| 264 |
|
1 |
|a New York :
|b Holiday House,
|c [1984]
|
| 264 |
|
4 |
|c ©1984
|
| 300 |
|
|
|a 31 pages :
|b color illustrations ;
|c 29 cm.
|
| 336 |
|
|
|a text
|b txt
|2 rdacontent
|
| 337 |
|
|
|a unmediated
|b n
|2 rdamedia
|
| 338 |
|
|
|a volume
|b nc
|2 rdacarrier
|
| 520 |
|
|
|a Fourteen poems about the various aspects of the sky such as the moon, clouds, stars, storms, and sunsets.
|
| 650 |
|
0 |
|a Sky
|x Juvenile poetry.
|
| 650 |
|
0 |
|a Children's poetry, American.
|
| 650 |
|
1 |
|a Sky
|x Poetry.
|
| 650 |
|
1 |
|a American poetry.
|
| 700 |
1 |
|
|a Fisher, Leonard Everett.
|
| 999 |
|
|
|a MARS
|
| 999 |
f |
f |
|s 6d7c9d50-749a-3ac7-9dca-5e772e3fb322
|i d54a8afd-c93b-33e0-ad47-ed56ef5f8d95
|t 0
|
| 952 |
f |
f |
|p normal
|a Texas A&M University
|b College Station
|c Sterling C. Evans Library
|d Evans: Curriculum Collection (4th floor)
|t 0
|e PS3562.I945 S5 1984
|h Library of Congress classification
|i unmediated -- volume
|m A14808462148
|
| 998 |
f |
f |
|a PS3562.I945 S5 1984
|t 0
|l Evans: Curriculum Collection (4th floor)
|